Jupiler League 2026/27 - nagła śmierć - Statystyki

Ogólne statystyki
  • Ten quiz został rozwiązany 10 razy
  • Średni wynik to 8 z 18
Answers on the Grid
Answers color-coded by a green-red scale on the quiz's grid according to % correct below.
Sporting Lokeren
Cercle Brugge
RFC Seraing
Club Brugge
Standard Liège
Lierse SK
OH Leuven
KV Mechelen
Beerschot VA
FCV Dender EH
Lommel SK
KAA Gent
KRC Genk
Royal Francs Borains
RSC Anderlecht
Royale Union SG
KAS Eupen
Sint-Truidense VV
SV Zulte Waregem
RWDM Brussels
KVC Westerlo
Royal Antwerp FC
RFC Liège
Royal Charleroi
SK Beveren
KV Oostende
KV Kortrijk
RAAL La Louvière
 
Statystyki odpowiedzi
Odpowiedź % Poprawnych
Cercle Brugge
67%
KAA Gent
67%
KV Mechelen
67%
RSC Anderlecht
67%
Standard Liège
67%
Club Brugge
56%
KRC Genk
56%
Royal Antwerp FC
56%
Royale Union SG
56%
KVC Westerlo
44%
Royal Charleroi
44%
OH Leuven
33%
Sint-Truidense VV
33%
SV Zulte Waregem
22%
KV Kortrijk
11%
Lommel SK
11%
RAAL La Louvière
11%
SK Beveren
11%
Nie znaleziono quizów pasujących do podanych kryteriów
Rozkład punktacji
Procent ludzi z każdym wynikiem
Percentyl według liczby udzielonych odpowiedzi
Twoja historia wyników
Nie rozwiązałeś tego quizu